| 000 | 00538nam a22001937a 4500 | ||
|---|---|---|---|
| 003 | OSt | ||
| 005 | 20160715153905.0 | ||
| 008 | 160715b xxu||||| |||| 00| 0 eng d | ||
| 020 | _a0750651849 | ||
| 040 | _cDNLM. | ||
| 082 | _aWB10501a 2003. | ||
| 100 |
_aEdited by Oh,E.Teik;Bersten,D.andrew;soni,Neil; _910236 |
||
| 245 | _aOh's Intensive Care Manual. | ||
| 260 |
_aLondon. _bButterworth Heinemann. _c2003 |
||
| 300 |
_axiii,1175p; _bill; _c26cm. |
||
| 504 | _aincludes index. | ||
| 650 |
_aintensive care. _93687 |
||
| 942 |
_2z _cO_SHELF |
||
| 999 |
_c4757 _d4757 |
||